Alles mit C - Geografie - Statistiken

Allgemein
  • Dieses Quiz wurde 180 mal gespielt
  • Das Durchschnittsergebnis liegt bei 12 aus 25
Antwortstatistiken
Hint Antwort % Korrekt
China
96%
Sachsen Chemnitz
95%
Länder Chile
94%
drittgrößter See Deutschlands, auch bayrisches Meer genannt Chiemsee
84%
Costa Rica
74%
"Windy City" am Michigan See Chicago
73%
Brandenburg Cottbus
71%
Niedersachsen Celle
66%
Fluss in Nordamerika (Rocky Mountains) Colorado River
66%
niederländische Karibikinsel nach der ein Likör benannt ist Curacao
65%
Oberitalienischer See in der LombardeiGeorge Clooney hat dort ein Anwesen Comer See
54%
de facto Hauptstadt von Sri Lanka Colombo
51%
Chisinau
48%
Caracas
46%
NRW Castrop-Rauxel
36%
Hauptstädte Canberra
33%
überwiegend in Bayern befindliche Gebirgsgruppe der nördlichen Ostalpen, passend zum oben gefragten See Chiemgauer Alpen
25%
Zweitgrößte Stadt Bangladeschs Chittagong
21%
Großstadt in China, Fläche ca. so groß wie Österreich, 32 Millionen Einwohnerin der Nähe des Drei-Schluchten-Staudamms am Zusammenfluss des Jangtsekiangs und des Jialing Chongqing
21%
Conakry
16%
Castries
14%
aktiver Vulkan in Ecuador, Höhe 6263 m, sein Gipfel ist der am weitesten vomErdmittelpunkt entfernter Punkt auf der Erdoberfläche, da er sehr nah am Äquator liegt Chimborazo
11%
Mexikanische Grenzstadt gegenüber El Paso in Texas Ciudad Juarez
11%
noch ein Fluss in Nordamerika (Rocky Mountains) Columbia River
9%
sechsthöchster 8000er, auf seinem Gipfel verläuft die Grenze zwischenChina und Nepal Cho Oyu
4%
Keine übereinstimmenden Quizze gefunden
Verteilung der Resultate
Anzahl Personen mit jedem Resultat
Perzentil nach korrekt beantworteten Fragen
Ihre Resultats-Entwicklung
Sie haben dieses Quiz noch nicht gespielt